000 00663cam a22001694a 4500
020 _a047167186X (cloth)
040 _cDLC
082 0 0 _a956 JOS 2004 A101 Or.
100 1 _aBlack, Edwin.
245 1 0 _aBanking on Baghdad :
_binside Iraq's 7,000-year history of war, profit and conflict /
260 _aHoboken, N.J. :
_bJohn Wiley & Sons, Inc.,
_c2004.
300 _axxi, 471 p., [8] p. of plates :
_bill., map ;
_c24 cm.
856 4 1 _uhttp://www.loc.gov/catdir/toc/ecip0421/2004018008.html
856 4 2 _uhttp://www.loc.gov/catdir/enhancements/fy0616/2004018008-b.html
856 4 2 _uhttp://www.loc.gov/catdir/enhancements/fy0616/2004018008-d.html
942 _cEK
999 _c13529
_d13529